Le Honduras pour les touristes... - Statistiques

Statistiques générales
  • Ce quiz a été pris 5 fois
  • Le résultat moyen est 10 sur 20
Statistiques - réponses
Question Indice Réponses % Correct
Dans la capitale quel est le décalage horaire avec Paris ? (+ ou - et chiffre) ex - 10 - 8
100%
La conduite se fait à droite ou à gauche ? Droite
100%
Quelle est la langue officielle ? Espagnol
100%
Avez-vous besoin d'un visa ? (oui/non) Non
100%
Le principal aéroport est T Tegucigalpa
100%
Quel est le climat local ? T Tropical
100%
Combien d'heures (environ) mettrez-vous pour vous y rendre ? (en chiffres) 10
75%
Achats à faire 3/ A boire... Café
75%
La vitesse est limitée hors des villes à {80} km/h
50%
La religion majoritaire est Catholicisme
50%
Quelles sont les principaux lieux touristiques ? C Site de {Copan}
50%
Le suffixe internet est hn
25%
Quelles sont les principaux lieux touristiques ? Y Lac de {Yojoa}
25%
Quelles sont les principaux lieux touristiques ? P B Parc national {Pico Bonito}
25%
Comment se nomme la principale compagnie aérienne locale A H Avianca Honduras
0%
Achats à faire 2/ Déconseillés pour la santé Cigares
0%
Achats à faire 1/ Poteries Negativo
0%
Achats à faire 4/ Objets en bois de Palissandre
0%
Quelles sont les principaux lieux touristiques ? R P Réserve de {Rio Platano}
0%
Quelle est la monnaie ? Tempira
0%
Aucun quiz correspondant
Distribution des résultats
% des personnes avec chaque résultat
Percentile par nombre de réponses
Votre historique - résultats
Vous n’avez pas pris ce quiz